• 首页
  • 本馆介绍
  • 公告通知
  • 最新文献
  • 馆藏检索
  • 电子资源
  • 读者导购
  • 参考咨询
  • 我的图书馆
  • 登录
  • 详细信息显示
  • 放入我的书架
  • 预约/预借图书
  • 作者相关作品
  • 分类相关作品
  • 丛书相关作品
  • 出版社相关作品

书目信息

  • 表格格式
  • 工作单格式
  • 卡片格式
题名:
中国产业工运理论研究与实践 下
    
 
作者: 魏峰 主编
分册:  
出版信息: 北京   中国工人出版社  2007.11
页数: 965-1926页
开本: 26cm
丛书名:
单 册:
中图分类: D412.4
科图分类:
主题词: 产业工会--会议--中国
电子资源:
ISBN: 978-7-5008-3950-7
000 00610nam0 2200193 450
001 0854244477
005 20081210163622.82
010    @a978-7-5008-3950-7@dCNY197.00
100    @a20081210d2007 km y0chiy0120 ea
101 0  @achi
102    @aCN@b110000
200 1  @a中国产业工运理论研究与实践 下@Azhong guo chan ye gong yun li lun yan jiu yu shi jian xia@f魏峰主编@Fwei feng zhu bian
210    @a北京@c中国工人出版社@d2007.11
215    @a965-1926页@d26cm
606 0  @a产业工会@x会议@y中国
690    @aD412.4@v4
701  0 @a魏峰@Awei feng@4主编
801  0 @aCN@bNISOFT@c20081210
905    @aBZT@dD412.4@e1-2@f5
    
    中国产业工运理论研究与实践 下/魏峰主编.-北京:中国工人出版社,2007.11
    965-1926页;26cm
    
    
    ISBN 978-7-5008-3950-7:CNY197.00
    
●
相关链接 在五车中查询图书 在当当中查询图书 在豆瓣中查询图书


正题名:中国产业工运理论研究与实践 下     索取号:D412.4/1-2         预约/预借

序号 登录号 条形码 馆藏地/架位号 状态 备注
1 0689157   2000689157   样本书库/样006架B面5层3列/ [索取号:D412.4/1-2] 在馆    
2 0689158   2000689158   中心书库南/011架A面3层2列/ [索取号:D412.4/1-2] 在馆    
3 0689159   2000689159   中心书库南/011架A面3层2列/ [索取号:D412.4/1-2] 在馆    
4 0689160   2000689160   中心书库南/011架A面3层2列/ [索取号:D412.4/1-2] 在馆    
5 0689161   2000689161   中心书库南/011架A面3层2列/ [索取号:D412.4/1-2] 在馆    
山东省滨州职业学院图书馆 欢迎您!
大连网信软件有限公司© 版权所有